Concrete : poetry /

Bibliographic Details
Main Author: Osuoha, Ngozi Olivia (Author)
Format: Book
Language:English
Published: Chitungwiza, Zimbabwe : Mwanaka Media and Publishing Pvt Ltd, [2024]
Series:New African poets series.
Subjects:

MARC

Tag First Indicator Second Indicator Subfields
LEADER 00000cam a2200000 i 4500
001 in00005655152
008 240907t20242024rh 000 p eng d
005 20250802185404.9
035 |a (OCoLC)on1454718111 
040 |a YDX  |b eng  |e rda  |c YDX  |d YDX  |d OCLCO  |d EEM  |d OI@ 
020 |a 9781779340825 
020 |a 1779340826  |q (paperback) 
035 |a (OCoLC)1454718111 
050 4 |a PR9387.9.O8669  |b C66 2024 
082 0 4 |a 823/.92  |2 23/eng/20250311 
100 1 |a Osuoha, Ngozi Olivia,  |e author.  |1 https://id.oclc.org/worldcat/entity/E39PCjvFJK6KtvhrkpP4tDXkwC 
245 1 0 |a Concrete :  |b poetry /  |c Olivia Ngozi Osuoha. 
264 1 |a Chitungwiza, Zimbabwe :  |b Mwanaka Media and Publishing Pvt Ltd,  |c [2024] 
264 4 |c ©2024 
300 |a 142 pages ;  |c 20 cm 
336 |a text  |b txt  |2 rdacontent 
337 |a unmediated  |b n  |2 rdamedia 
338 |a volume  |b nc  |2 rdacarrier 
490 1 |a Mmap New African Poets series 
650 0 |a Nigerian poetry (English)  |y 21st century. 
655 7 |a poetry.  |2 aat 
655 7 |a Poetry.  |2 lcgft 
655 7 |a Poésie.  |2 rvmgf 
830 0 |a New African poets series. 
852 8 |b POD  |z This title is available for the library to purchase for your use. Click the "Purchase It For Me" button to place a request. This item will take 5-10 business days to arrive. 
955 |a Print PDA title 
961 |m 565730 
999 f f |s 98a7d7e0-f1a8-450c-8536-0607b9fd78cc  |i 0501beb0-eb2f-4b1c-9f77-743db5837a91  |t 0 
952 f f |a Texas A&M University  |b College Station  |c Sterling C. Evans Library  |d Purchase on Demand  |t 0  |e PR9387.9.O8669 C66 2024  |h Library of Congress classification 
998 f f |a PR9387.9.O8669 C66 2024  |t 0  |l Purchase on Demand